000 005130000a22001570004500
003 MACL
005 20171128124542.0
008 171128b xxu||||| |||| 00| 0 eng d
040 _cmacl
100 _aमनु , प्रकास
_969575
245 _aचुनमुन की अजब अनोखी कहानियाॅ
260 _bएवरेस्‍ट पब्लिकेशन
_c2010
350 _a150
650 _aचिल्‍ड्रन बुक
_9159
942 _cHIN
_k741.642
_2ddc
999 _c46705
_d46705